Fo jiao yu Jidu jiao dui hua = Dialogue between Buddhism and Christianity /
Saved in:
| Corporate Author: | |
|---|---|
| Other Authors: | , , |
| Format: | Book |
| Language: | Chinese |
| Published: |
Beijing Shi :
Zhonghua shu ju,
2005.
|
| Edition: | Beijing di 1 ban. |
| Subjects: | |
| Tags: |
Add Tag
No Tags, Be the first to tag this record!
|
| LEADER | 02138cam a2200409Ia 4500 | ||
|---|---|---|---|
| 001 | 009887174-9 | ||
| 005 | 20060828150327.0 | ||
| 008 | 060306s2005 cc af b 100 0 chi d | ||
| 020 | |a 7101047297 | ||
| 035 | 0 | |a ocm64532980 | |
| 040 | |a HUA |c HUA |d PIT |d CFT |d HNK |d HMY | ||
| 050 | 4 | |a BR128.B8 |b I582 2003 | |
| 111 | 2 | |a International Conference on Dialogue Between Buddhism and Christianity |d (2003 : |c Xi'an, Shaanxi, China) | |
| 245 | 1 | 0 | |6 880-01 |a Fo jiao yu Jidu jiao dui hua = |b Dialogue between Buddhism and Christianity / |c Wu Yansheng, Lai Pinchao, Wang Xiaochao zhu bian. |
| 246 | 3 | 1 | |a Dialogue between Buddhism and Christianity |
| 250 | |6 880-02 |a Beijing di 1 ban. | ||
| 260 | |6 880-03 |a Beijing Shi : |b Zhonghua shu ju, |c 2005. | ||
| 300 | |a 3, 4, 442 p., [4] p. of plates : |b ill. (some col.) ; |c 23 cm. | ||
| 500 | |6 880-04 |a Selected papers from "Fo jiao yu Jidu jiao dui hua guo ji xue shu yan tao hui" held Nov. 21-24, 2003 in Xi'an Shi, China. | ||
| 500 | |6 880-05 |a "Ben shu huo Shaanxi shi fan da xue fo jiao suo Ci hui fo jiao yan jiu ji jin zi zhu ; Ben shu huo Xi'an wai shi xue yuan zong jiao suo xue shu zhu zuo chu ben ji jin zi zhu." | ||
| 504 | |a Includes bibliographical references. | ||
| 650 | 0 | |a Christianity and other religions |x Buddhism |v Congresses. | |
| 650 | 0 | |a Buddhism |x Relations |x Christianity |v Congresses. | |
| 700 | 1 | |6 880-06 |a Wu, Yansheng. | |
| 700 | 1 | |6 880-07 |a Lai, Pan-Chiu. | |
| 700 | 1 | |6 880-08 |a Wang, Xiaochao. | |
| 880 | 1 | 0 | |6 245-01 |a 佛教与基督教对话 = |b Dialogue between Buddhism and Christianity / |c 吴言生, 赖品超, 王晓朝主编. |
| 880 | |6 250-02 |a 北京第1版. | ||
| 880 | |6 260-03 |a 北京市 : |b 中华书局, |c 2005. | ||
| 880 | |6 500-04 |a Selected papers from "佛教与基督教对话国际学术研讨会" held Nov. 21-24, 2003 in Xi'an Shi, China. | ||
| 880 | |6 500-05 |a "本书获陕西师范大学佛教所慈辉佛教研究基金资助 ; 本书获西安外事学院宗教所学术著作出版基金资助." | ||
| 880 | 1 | |6 700-06 |a 吴言生. | |
| 880 | 1 | |6 700-07 |a 赖品超. | |
| 880 | 1 | |6 700-08 |a 王晓朝. | |
| 988 | |a 20060309 | ||
| 049 | |a HMYC |o d | ||
| 906 | |0 MH | ||


